000 00731nam a2200205Ia 4500
001 4230
003 GE_BSU
008 181216s||||||||xx |||||||||||||| ||und||
040 _cGE_BSU
080 _a665.6
245 _aТехнология переработки нефти и газа производство топлив. Труды выпуск XXIII.
245 _cРед. коллег. А.З.Дорогочинский. Е.М.Брещенко и др.
260 _aМ.
260 _bХимия.
260 _c1968.
300 _a288 стр. с илл. 21 см.
300 _eТабл.
653 _aТехнология переработки нефти и газа производство топлив.
942 _cBK
999 _c38240
_d38240